Normal view MARC view
  • DRAKE, RICHARD.,VOGL,A. WAYNE AND MITCHELL,ADAM W.M

Entry Personal Name

Number of records used in: 1

001 - CONTROL NUMBER

  • control field: 8378

003 - CONTROL NUMBER IDENTIFIER

  • control field: JRU

005 - DATE AND TIME OF LATEST TRANSACTION

  • control field: 20240110120033.0

008 - FIXED-LENGTH DATA ELEMENTS

  • fixed length control field: 240110|| aca||aabn | a|a d

040 ## - CATALOGING SOURCE

  • Original cataloging agency: JRU
  • Transcribing agency: JRU

100 ## - HEADING--PERSONAL NAME

  • Personal name: DRAKE, RICHARD.,VOGL,A. WAYNE AND MITCHELL,ADAM W.M

670 ## - SOURCE DATA FOUND

  • Source citation: Work cat.: (JRU)7844: DRAKE, RICHARD.,VOGL,A. WAYNE AND MITCHELL,ADAM W.M. , GRAY'S ANATOMY FOR STUDENTS [VOL-1], 2020